| 000 | 00878nam a2200205Ii 4500 | ||
|---|---|---|---|
| 003 | JO-AjNU | ||
| 008 | 230605s9999||||xx |||||||||||||| ||und|| | ||
| 040 |
_aJO-AjNU _bara _erda _cJO-AjNU |
||
| 041 | _aara | ||
| 050 | 1 | 4 | _aLB2805.I77 1989 |
| 100 | 3 |
_aمصطفى، حسن مؤلف/سمعان، وهيب إبراهيم م.مشارك/عاشور، محمد محمد م.مشارك/معوض، رياض م.مشارك, _eauthor _937838 |
|
| 245 | 0 | 0 | _aإتجاهات جديدة في الإدارة المدرسية |
| 250 | _aط4 | ||
| 264 | 3 | 1 | _aالقاهرة:مكتبة الأنجلو المصرية،1989 |
| 300 |
_a472ص _bملحق:ص(421-466) |
||
| 336 |
_atext _btxt _2rdacontent |
||
| 337 |
_aunmediated _bn _2rdamedia |
||
| 338 |
_avolume _bnc _2rdacarrier |
||
| 650 | 4 |
_aالمدارس-إدارة. التخطيط التربوي-الإدارة التعليمية _937839 |
|
| 999 |
_aA15847 _c19415 _d19415 |
||